| 000 | 00642nam a2200217Ia 4500 | ||
|---|---|---|---|
| 001 | 9434 | ||
| 003 | GE_BSU | ||
| 008 | 181216s||||||||xx |||||||||||||| ||und|| | ||
| 040 | _cGE_BSU | ||
| 100 | _aმოსაშვილი,მინდია | ||
| 245 | _aაღმართი | ||
| 245 | _bმოთხრობები. | ||
| 245 | _cრედ.ო.კუპრავა,მხატვ.ნ.ლაფაჩი | ||
| 260 | _aთბილისი | ||
| 260 | _bმერანი | ||
| 260 | _c1968 | ||
| 300 | _a120გვ.16სმ. | ||
| 653 | _aაღმართი | ||
| 653 | _aმოთხრობები. | ||
| 942 | _cBK | ||
| 999 |
_c42728 _d42728 |
||